[Event "TUR-chT"]
[Site "Denizli"]
[Date "2013.07.09"]
[Round "12.9"]
[White "Erdem, Atakan"]
[Black "Karaca, Cahit"]
[Result "1-0"]
[WhiteElo "1864"]
[BlackElo "1654"]
[PlyCount "41"]
[EventDate "2013.06.29"]
[EventType "team-tourn"]
[EventRounds "13"]
[EventCountry "TUR"]
[SourceTitle "CBM 155 Extra"]
[Source "ChessBase"]
[SourceDate "2013.08.26"]
[SourceVersion "1"]
[SourceVersionDate "2013.08.26"]
[SourceQuality "1"]
[WhiteTeam "Ankara Demirspor"]
[BlackTeam "Er Bakir"]
[WhiteTeamCountry "TUR"]
[BlackTeamCountry "TUR"]

1. d4 d5 2. e3 Nf6 3. Bd3 e6 4. Nd2 c5 5. c3 Nc6 6. f4 Bd6 7. Ngf3 c4 8. Bc2 b5 9. 0-0 Qb6 10. Ne5 Bb7 11. Qe1 Ne7 12. Qh4 Nd7 13. Ndf3 Nf8 14. Qh5 Bxe5 15. fxe5 h6 16. Ng5 g6 17. Qh3 hxg5 18. Qxh8 0-0-0 19. Rxf7 Nd7 20. Qh6 g4 21. Rxe7 1-0

[Event "World ol U16 11th"]
[Site "Istanbul"]
[Date "2012.09.04"]
[Round "9.15"]
[White "Erdem, Atakan"]
[Black "Haring, Viktor"]
[Result "1-0"]
[WhiteElo "1756"]
[BlackElo "2049"]
[PlyCount "73"]
[EventDate "2012.08.29"]
[EventType "team-swiss"]
[EventRounds "10"]
[EventCountry "TUR"]
[SourceTitle "CBM 150 Extra"]
[Source "ChessBase"]
[SourceDate "2012.10.19"]
[SourceVersion "1"]
[SourceVersionDate "2012.10.19"]
[SourceQuality "1"]
[WhiteTeam "Turkey Turquaz (U16)"]
[BlackTeam "Slovakia (U16) II"]
[WhiteTeamCountry "TUR"]
[BlackTeamCountry "SVK"]

1. d4 d5 2. c4 Nf6 3. Nf3 e6 4. Nc3 Nbd7 5. e3 c6 6. Bd3 Bd6 7. e4 dxe4 8. Nxe4 Nxe4 9. Bxe4 Nf6 10. Bc2 0-0 11. 0-0 b6 12. Qd3 g6 13. Bg5 Bb7 14. Rad1 Be7 15. Ne5 Nh5 16. Bh6 Ng7 17. Qf3 Qc7 18. Be4 Rac8 19. Qc3 f5 20. Bf3 Bf6 21. Rfe1 g5 22. g3 Rfe8 23. Qe3 Qe7 24. a4 f4 25. Qe4 Nf5 26. Ng4 Ba8 27. gxf4 Nxh6 28. Nxh6+ Kh8 29. fxg5 Bxg5 30. Qe5+ Bf6 31. Qh5 Rf8 32. Kh1 Bg5 33. Rd3 Rf4 34. Rg1 Rh4 35. Nf7+ Kg7 36. Qxg5+ Kxf7 37. Bh5+ 1-0

[Event "EU-ch U12"]
[Site "Albena"]
[Date "2011.09.11"]
[Round "1"]
[White "Peczely, Sebastian Zsombor"]
[Black "Erdem, Atakan"]
[Result "1-0"]
[WhiteElo "2024"]
[BlackElo "1731"]
[PlyCount "83"]
[EventDate "2011.09.11"]
[EventType "swiss"]
[EventRounds "9"]
[EventCountry "BUL"]
[SourceTitle "CBM 144 Extra"]
[Source "ChessBase"]
[SourceDate "2011.10.28"]
[SourceVersion "1"]
[SourceVersionDate "2011.10.28"]
[SourceQuality "1"]

1. e4 e5 2. Nf3 Nc6 3. Bb5 a6 4. Ba4 Nf6 5. 0-0 Be7 6. d3 b5 7. Bb3 d6 8. a4 b4 9. a5 0-0 10. h3 Be6 11. Nbd2 Qd7 12. Ba4 Qe8 13. Nb3 Bd7 14. Bd2 Rb8 15. Bxc6 Bxc6 16. Qe1 Ba4 17. Bxb4 Bxb3 18. cxb3 Qb5 19. Ba3 c5 20. d4 cxd4 21. Nd2 Nd7 22. Nc4 Nc5 23. Bxc5 Qxc5 24. Nb6 Qb5 25. b4 Bd8 26. Nd5 f5 27. f3 Qd3 28. Ra3 Qc2 29. Rf2 Qc4 30. b3 Qb5 31. Rc2 Rf7 32. Rc4 Qb7 33. Ra2 fxe4 34. fxe4 Bg5 35. Qd1 Rbf8 36. Rac2 Qa7 37. Rc7 Be3+ 38. Kh2 Rxc7 39. Rxc7 Qb8 40. Qg4 Bf4+ 41. Kh1 Qb5 42. Qxg7# 1-0